Normal view MARC view
  • Haleeem,Roshaan, Mahmad,Nida, Michael,Maham, Khalid,Hira, Rhman, Shafiq ur, & Habib,Usama

Entry Personal Name

Number of records used in: 3

001 - CONTROL NUMBER

  • control field: 5020

003 - CONTROL NUMBER IDENTIFIER

  • control field: NUST

005 - DATE AND TIME OF LATEST TRANSACTION

  • control field: 20170926161020.0

008 - FIXED-LENGTH DATA ELEMENTS

  • fixed length control field: 170926|| aca||aabn | a|a d

040 ## - CATALOGING SOURCE

  • Original cataloging agency: NUST
  • Transcribing agency: NUST

100 ## - HEADING--PERSONAL NAME

  • Personal name: Haleeem,Roshaan, Mahmad,Nida, Michael,Maham, Khalid,Hira, Rhman, Shafiq ur, & Habib,Usama

670 ## - SOURCE DATA FOUND

  • Source citation: Work cat.: (NUST): Haleeem,Roshaan, Mahmad,Nida, Michael,Maham, Khalid,Hira, Rhman, Shafiq ur, & Habib,Usama, Significance of state structures in successful implementation: a contextual study of Pakistan's energy sector, 2015
© 2023 Central Library, National University of Sciences and Technology. All Rights Reserved.